000 00277nam a22001337a 4500
008 170526b xxu||||| |||| 00| 0 eng d
020 _a9780071789691
041 _aeng
080 _a621
100 _a25
101 _aIM
245 _aSOLENOID
_cHANEY, R.M
942 _2udc
_cBK
999 _c14474
_d14474